000 00481nam a2200169 i 4500
001 141829
003 ES-MaACL
005 20230906200358.0
007 t|
008 070928s1947 ag ||||1| spa d
100 1 _aWagner de Kertesz, M.
_9115856
245 1 0 _aHistoria universal de las joyas /
_cM. Wagner de Kertesz.
250 _a[1ª ed.].
260 _aBuenos Aires :
_bCenturión,
_c[1947]
300 _a672 p. :
_bil. ;
_c28 cm.
852 _aES-MaACL
_jC-16844
_bR.44679
999 _c141829
_d141829